Tratamiento de desechos de una planta de cromado con recuperación de cobre y niquel
Guardat en:
| Autor principal: | |
|---|---|
| Format: | Llibre |
| Idioma: | Undetermined |
| Publicat: |
San José, Costa Rica
1990
|
| Matèries: | |
| Etiquetes: |
Afegir etiqueta
Sense etiquetes, Sigues el primer a etiquetar aquest registre!
|
MARC
| LEADER | 00000nam a2200000Ia 4500 | ||
|---|---|---|---|
| 003 | 004965 | ||
| 005 | 20221231144333.0 | ||
| 008 | 140114s1990 cr a m 000 ||und d | ||
| 040 | |c cru CEDI | ||
| 090 | |a TFG 2342 | ||
| 100 | |a Borquet Barcia, Hafida |9 13058 | ||
| 245 | |a Tratamiento de desechos de una planta de cromado con recuperación de cobre y niquel | ||
| 260 | |c 1990 |a San José, Costa Rica | ||
| 300 | |a 93 hojas : ilustraciones ; 28 cm. | ||
| 500 | |a Proyecto de graduación (licenciatura en ingenieria quimica)--Universidad de Costa Rica. Facultad de Ingeniería. Escuela de Ingeniería Química | ||
| 650 | |x APROVECHAMIENTO DE RESIDUOS |9 13059 | ||
| 942 | |c TFG | ||
| 999 | |c 20376 |d 20376 | ||
